Biliary anatomy in living related donor transplantation and its significant outcome / (رقم التسجيلة. 58744)

تفاصيل مارك
000 -LEADER
fixed length control field 017980000a22003610004500
003 - CONTROL NUMBER IDENTIFIER
control field EG-GICUC
005 - DATE AND TIME OF LATEST TRANSACTION
control field 20250223031617.0
008 - FIXED-LENGTH DATA ELEMENTS--GENERAL INFORMATION
fixed length control field 070221s2006 ua h f m 000 0 eng d
040 ## - CATALOGING SOURCE
Original cataloging agency EG-GICUC
Language of cataloging eng
Transcribing agency EG-GICUC
041 0# - LANGUAGE CODE
Language code of text/sound track or separate title Eng
049 ## - LOCAL HOLDINGS (OCLC)
Holding library Deposite
097 ## - Thesis Degree
Thesis Level M.Sc
099 ## - LOCAL FREE-TEXT CALL NUMBER (OCLC)
Classification number Cai01.11.14.M.Sc.2006.Ah.B
100 0# - MAIN ENTRY--PERSONAL NAME
Personal name Ahmed Hussein Ahmed Ibrahim Khalil
245 10 - TITLE STATEMENT
Title Biliary anatomy in living related donor transplantation and its significant outcome /
Statement of responsibility, etc. Ahmed Hussein Ahmed Ibrahim Khalil ; Supervised Adel Ahmed Hosny , Mostafa Abd El rahman Elshazly , Yasser Hatata
246 15 - VARYING FORM OF TITLE
Title proper/short title الوصف التشريحى للقنوات المرارية فى المتبرع الحى ذو القرابة فى زراعة الكبد وتأثيرها على النتائج
260 ## - PUBLICATION, DISTRIBUTION, ETC.
Place of publication, distribution, etc. Cairo :
Name of publisher, distributor, etc. Ahmed Hussein Ahmed Ibrahim Khalil ,
Date of publication, distribution, etc. 2006
300 ## - PHYSICAL DESCRIPTION
Extent 89P :
Other physical details facsimiles ;
Dimensions 25cm
502 ## - DISSERTATION NOTE
Dissertation note Thesis (M.Sc.) - Cairo University - Faculty Of Medicine - Department Of General Surgery
520 ## - SUMMARY, ETC.
Summary, etc. LDLT is a solution for various end stage liver diseases and for the shortage of cadaveric livers Proper preoperative evaluation of both donors and recepients is essential for optimum selection and to minimize postoperative morbidity and mortality
530 ## - ADDITIONAL PHYSICAL FORM AVAILABLE NOTE
Additional physical form available note Issued also as CD
653 #4 - INDEX TERM--UNCONTROLLED
Uncontrolled term Biliary anatomy and anatomical variants
653 #4 - INDEX TERM--UNCONTROLLED
Uncontrolled term Living donor liver transplant tation (LDLT)
653 #4 - INDEX TERM--UNCONTROLLED
Uncontrolled term Management and post LDLT biliary complications
653 #4 - INDEX TERM--UNCONTROLLED
Uncontrolled term Post LDLT biliary complication
700 0# - ADDED ENTRY--PERSONAL NAME
Personal name Adel Ahmed Hosny ,
Relator term
700 0# - ADDED ENTRY--PERSONAL NAME
Personal name Mostafa Abd El rahman Elshazly ,
Relator term
700 0# - ADDED ENTRY--PERSONAL NAME
Personal name Yasser Hatata ,
Relator term
856 ## - ELECTRONIC LOCATION AND ACCESS
Uniform Resource Identifier <a href="http://172.23.153.220/th.pdf">http://172.23.153.220/th.pdf</a>
905 ## - LOCAL DATA ELEMENT E, LDE (RLIN)
Cataloger Mustafa
Reviser Revisor
905 ## - LOCAL DATA ELEMENT E, LDE (RLIN)
Cataloger Samia
Reviser Cataloger
942 ## - ADDED ENTRY ELEMENTS (KOHA)
Source of classification or shelving scheme Dewey Decimal Classification
Koha item type Thesis
المقتنيات
Source of classification or shelving scheme Not for loan Home library Current library Date acquired Full call number Barcode Date last seen Koha item type Copy number
Dewey Decimal Classification   المكتبة المركزبة الجديدة - جامعة القاهرة قاعة الرسائل الجامعية - الدور الاول 11.02.2024 Cai01.11.14.M.Sc.2006.Ah.B 01010110046574000 22.09.2023 Thesis  
Dewey Decimal Classification   المكتبة المركزبة الجديدة - جامعة القاهرة مخـــزن الرســائل الجـــامعية - البدروم 11.02.2024 Cai01.11.14.M.Sc.2006.Ah.B 01020110046574000 22.09.2023 CD - Rom 46574.CD
Cairo University Libraries Portal Implemented & Customized by: Eng. M. Mohamady Contacts: new-lib@cl.cu.edu.eg | cnul@cl.cu.edu.eg
CUCL logo CNUL logo
© All rights reserved — Cairo University Libraries
CUCL logo
Implemented & Customized by: Eng. M. Mohamady Contact: new-lib@cl.cu.edu.eg © All rights reserved — New Central Library
CNUL logo
Implemented & Customized by: Eng. M. Mohamady Contact: cnul@cl.cu.edu.eg © All rights reserved — Cairo National University Library